<?xml version="1.0" encoding="UTF-8"?>
<record
    xmlns:xsi="http://www.w3.org/2001/XMLSchema-instance"
    xsi:schemaLocation="http://www.loc.gov/MARC21/slim http://www.loc.gov/standards/marcxml/schema/MARC21slim.xsd"
    xmlns="http://www.loc.gov/MARC21/slim">

  <leader>00845nam a2200253 i 4500</leader>
  <controlfield tag="001">382104</controlfield>
  <controlfield tag="005">20140302115732.0</controlfield>
  <controlfield tag="008">790118t1978    xxkad  grb    000 0 eng d</controlfield>
  <datafield tag="020" ind1=" " ind2=" ">
    <subfield code="a">0566001659</subfield>
  </datafield>
  <datafield tag="040" ind1=" " ind2=" ">
    <subfield code="a">DLC</subfield>
    <subfield code="c">DLC</subfield>
    <subfield code="d">DLC</subfield>
  </datafield>
  <datafield tag="043" ind1=" " ind2=" ">
    <subfield code="a">e-uk---</subfield>
  </datafield>
  <datafield tag="082" ind1="0" ind2="4">
    <subfield code="a">658.870941</subfield>
    <subfield code="2">22</subfield>
    <subfield code="b">TUC</subfield>
  </datafield>
  <datafield tag="100" ind1="1" ind2=" ">
    <subfield code="a">Tucker, K. A.</subfield>
    <subfield code="9">35139</subfield>
  </datafield>
  <datafield tag="245" ind1="1" ind2="0">
    <subfield code="a">Concentration and costs in retailing /</subfield>
    <subfield code="c">K. A. Tucker.</subfield>
  </datafield>
  <datafield tag="260" ind1=" " ind2=" ">
    <subfield code="a">Westmead, United Kingdom :</subfield>
    <subfield code="b">Saxon House,</subfield>
    <subfield code="c">c.1978</subfield>
    <subfield code="e">Barry, United Kingdom :</subfield>
    <subfield code="f">Ilfadrove Limited)</subfield>
  </datafield>
  <datafield tag="300" ind1=" " ind2=" ">
    <subfield code="a">xii, 175 p. :</subfield>
    <subfield code="b">chart, tables ;</subfield>
    <subfield code="c">23 cm.</subfield>
  </datafield>
  <datafield tag="500" ind1=" " ind2=" ">
    <subfield code="a">Includes appendix.</subfield>
  </datafield>
  <datafield tag="504" ind1=" " ind2=" ">
    <subfield code="a">Bibliography: p. 172-175.</subfield>
  </datafield>
  <datafield tag="650" ind1=" " ind2="0">
    <subfield code="a">Retail trade</subfield>
    <subfield code="z">Great Britain</subfield>
    <subfield code="9">35057</subfield>
  </datafield>
  <datafield tag="650" ind1=" " ind2="0">
    <subfield code="a">Industrial concentration</subfield>
    <subfield code="z">Great Britain</subfield>
    <subfield code="9">35140</subfield>
  </datafield>
  <datafield tag="653" ind1=" " ind2=" ">
    <subfield code="b">BUSADM</subfield>
    <subfield code="c">February2014</subfield>
  </datafield>
  <datafield tag="655" ind1=" " ind2=" ">
    <subfield code="v">reading book</subfield>
    <subfield code="9">34232</subfield>
  </datafield>
  <datafield tag="942" ind1=" " ind2=" ">
    <subfield code="2">ddc</subfield>
    <subfield code="k">658.870941 TUC</subfield>
  </datafield>
  <datafield tag="999" ind1=" " ind2=" ">
    <subfield code="c">18055</subfield>
    <subfield code="d">18027</subfield>
  </datafield>
  <datafield tag="952" ind1=" " ind2=" ">
    <subfield code="0">0</subfield>
    <subfield code="1">0</subfield>
    <subfield code="2">ddc</subfield>
    <subfield code="4">0</subfield>
    <subfield code="7">0</subfield>
    <subfield code="8">Donation-G</subfield>
    <subfield code="a">MAIN</subfield>
    <subfield code="b">MAIN</subfield>
    <subfield code="c">1ST</subfield>
    <subfield code="d">2014-02-09</subfield>
    <subfield code="e">Donation</subfield>
    <subfield code="l">0</subfield>
    <subfield code="o">658.870941 TUC</subfield>
    <subfield code="p">000035609</subfield>
    <subfield code="r">2025-07-15 00:00:00</subfield>
    <subfield code="y">BB</subfield>
  </datafield>
</record>
